Les meilleurs footballeurs par pays - Statistiques

Statistiques générales
  • Ce quiz a été pris 405 fois
  • Le résultat moyen est 19 sur 40
Statistiques - réponses
Pays Joueur % Correct
France Mbappé
96%
France Zidane
91%
Portugal Ronaldo
85%
Brésil Ronaldo
85%
Argentine Messi
82%
France Henry
78%
France Platini
70%
Argentine Maradona
68%
Bésil Pelé
67%
Espagne Iniesta
63%
Brésil Ronaldinho
62%
Espagne Xavi
61%
Angleterre Kane
54%
Portugal Eusébio
52%
Italie Maldini
50%
Angleterre Rooney
49%
Espagne Ramos
48%
Allemagne Beckenbauer
46%
Italie Buffon
46%
Portugal Luis Figo
44%
Espagne Casillas
43%
Brésil Roberto Carlos
41%
Argentine Di Maria
38%
Espagne Puyol
38%
Angleterre Charlton
36%
Angleterre Gerrard
35%
France Kopa
35%
Angleterre Lampard
35%
Portugal Pepe
34%
Italie Cannavaro
32%
Italie Pirlo
30%
Brésil Cafu
29%
Allemagne Kahn
25%
Allemagne Klose
25%
Argentine Di Stéfano
24%
Allemagne Gerd Muller
21%
Allemagne Matthaus
21%
Italie Baresi
18%
Argentine Batistuta
15%
Portugal Pauleta
11%
Aucun quiz correspondant
Distribution des résultats
% des personnes avec chaque résultat
Percentile par nombre de réponses
Votre historique - résultats
Vous n’avez pas pris ce quiz